|
|
|
|
| LEADER |
00000nam a2200000 a 4500 |
| 001 |
vtls008703049 |
| 003 |
SK-MaSNL |
| 005 |
20260301205530.0 |
| 008 |
240318s2002 gw o g 001 0 ger |
| 020 |
|
|
|a 3831090165
|q (viaz.)
|
| 035 |
|
|
|a F2D66952-400B-4E7D-8AA3-E35208473BDD
|
| 035 |
|
|
|a urn:nbn:sk:snk-amygik
|
| 035 |
|
|
|a urn:nbn:sk:snk-am00ckkr
|
| 040 |
|
|
|a SNK
|b slo
|c SNK
|e AACR2
|
| 041 |
1 |
|
|a ger
|h eng
|
| 044 |
|
|
|a gx
|c DE
|
| 072 |
|
7 |
|a 56
|x Paleontológia
|2 konspekt
|
| 080 |
|
|
|a 568.19
|2 2001
|
| 080 |
|
|
|a (031)
|2 2001
|
| 100 |
1 |
|
|a Lambert, David,
|d 1932-
|4 aut
|9 87404
|
| 240 |
1 |
4 |
|a The ultimate dinosaur book
|l Nemecky
|
| 245 |
1 |
0 |
|a Dinosaurier
|c David Lambert ; [übersetzung Gerald Bosch]
|
| 260 |
|
|
|a München
|b Dorling Kindersley Verlag
|c 2002
|e Martin
|f Neografia
|
| 300 |
|
|
|a 192 s.
|b fareb. fotogr.
|c 29 cm
|
| 490 |
1 |
|
|a Coventgarden
|
| 500 |
|
|
|a Fareb. fotogr. na tit. strane a front.
|
| 504 |
|
|
|a Reg. Slovník. Lexikón dinasourov
|
| 650 |
0 |
7 |
|a dinosaury
|2 SNKPH
|9 31671
|
| 655 |
|
7 |
|a encyklopédie
|2 SNKPH
|9 28776
|
| 700 |
1 |
|
|a Bosch, Gerald
|4 trl
|9 441640
|
| 830 |
|
0 |
|a Coventgarden
|9 591778
|
| 919 |
|
|
|a 3-8310-9016-5
|
| 958 |
|
|
|a OND
|
| 999 |
|
|
|c 910479
|d 912409
|
| 952 |
|
|
|a SNK
|b SNK
|y PREZ
|7 0
|p 17A0508990
|o snkSB 72317
|i snk2006/10331
|8 1
|0 0
|1 0
|4 0
|d 2006-05-23
|f 1
|l 0
|r 2025-04-25 00:00:00
|w 2026-02-24
|